000 01721nam0a2200325 i 4500
001 RU\NLR\BIBL_A\010811390
005 20240921120633.0
010 _a9785903562466
_91000
021 _aRU
_b2015-45741
_92723
035 _a(NILC)RuMoRGB-007961214
035 _a(NLR Aleph) 010811390
090 _a10203272
_c10203272
100 _a20150729d2014 km y0rusy50 ca
101 0 _arus
102 _aRU
105 _aabc z 000yy
200 1 _aВепсы
_eочерки истории и культуры
_eнаучно-популярное издание
_fЗ. И. Строгальщикова
_gРоссийская акад. наук, Карельский науч. центр Российской акад. наук, Ин-т яз., лит. и истории, Музей антропологии и этнографии им. Петра Великого (Кунсткамера) РАН, Центр коренных народов Ленинградской обл.
210 _aСанкт-Петербург
_cИнкери
_d2014
215 _a263 с.
_cил., цв. ил., портр., карт.
_d22
225 1 _aАкадемическая научно-популярная серия "Мир коренных народов Ленинградской области"
320 _aБиблиогр.: с. 246-259
606 1 _aВепсы
_xИсторико-этнографические исследования
_92353889
_3RU\NLR\AUTH\661406120
686 1 _aТ3(2Р31)0,02
686 1 _aТ52(233.1=В)
700 1 _aСтрогальщикова
_bЗ. И.
_gЗинаида Ивановна
801 0 _aRU
_bРГБ
_c20150624
_gRCR
942 _cBOOK
980 _aNBR